Playoffs 24-25 - Statistics

General Stats
  • This quiz has been taken 28 times
    21 since last reset
  • The average score is 19 of 20
Answer Stats
Hint Answer % Correct
5 Bucks
100%
East 1 Cavaliers
100%
2 Celtics
100%
Pi Grizzlies
100%
Pi Heat
100%
3 Knicks
100%
3 Lakers
100%
4 Nuggets
100%
4 Pacers
100%
West 1 Thunder
100%
6 Timberwolves
100%
Pi Bulls
94%
5 Clippers
94%
Pi Hawks
94%
Pi Kings
94%
6 Pistons
94%
2 Rockets
94%
Pi Warriors
94%
Pi Magic
88%
Pi Mavericks
88%
No matching quizzes found
Score Distribution
Percent of People with Each Score
Percentile by Number Answered
Your Score History
You have not taken this quiz since the last reset